| 000 | 00630cab a2200241 4500 | ||
|---|---|---|---|
| 001 | ABS57003 | ||
| 008 | 090401t1997 xxu||||| |||| 00| 0 eng d | ||
| 035 | _a(Sirsi) u98370 | ||
| 041 | _aeng | ||
| 100 | _aBrewer, G. | ||
| 245 | _aWho carries the JCT risk? | ||
| 260 | _c1997 | ||
| 350 | _a0 | ||
| 490 |
_aContract Journal _v90(396) 7 May 1997, 16(1) |
||
| 520 | _aExamination of the insurance and related liability clauses of the JCT forms. | ||
| 650 |
_aInsurance _96249 |
||
| 650 | _aJCT FORMS | ||
| 650 | _aJCT | ||
| 650 | _aLIABILITY CLAUSES | ||
| 690 |
_aInsurance _96249 |
||
| 942 | _n0 | ||
| 948 | _c21/05/1997 | ||
| 999 |
_c59771 _d59771 |
||